| 000 | 00665nam a2200169 u 4500 | ||
|---|---|---|---|
| 001 | 000004877 | ||
| 003 | AM-YeHGA | ||
| 005 | 20250617164808.0 | ||
| 008 | 021209s1962 ai r 000 0 rus d | ||
| 040 | _aAM-YeHGA | ||
| 245 | 0 | 0 |
_aВ едином строю, к одной цели : _bСборник статей об опыте культурно-просветительной работы по коммунистическому воспитанию трудящихся. |
| 260 |
_aТула : _bТульское кн. изд-во, _c1962. |
||
| 300 | _a65 с. | ||
| 650 | 1 | 4 | _aВнешкольное образование |
| 090 | _c568122 | ||
| 942 | _cBK | ||
| 999 |
_c529641 _d529641 |
||